000 00725nam a22001937a 4500
005 20120814145524.0
010 _aB-457000
020 _a9780670049653
_c1250.00
035 _aB-457000
037 _adpl
_bK.K.Pub/Ven
082 _a954
245 _aIndia;
_cedited by Prashant Panjiar
_bthe Definitive inages 1858 to the present/
260 _aLondon
_bPenguin
_c2004
270 _bNew Delhi
300 _a166 p.
_c22cm (Hb)
942 _2ddc
_cEN
_mIND
_h954
999 _c69023
_d69023